000 00446nam a2200169 a 4500
001 0000-8533
003 ELIB.Books
008 110520 2006
035 _a(ELIB.Books)0000-8678
082 _aB.Th
_bHse
100 _aHser Nay Gay, Naw
245 _aThe Understanding of Christian Hymn
260 _bInsein: Karen Baptist Theolgical Seminary
_c2006
650 _aThesis
942 _2ddc
_cBK
998 _cbat
_e2011-05-20
999 _c8533
_d8533